The Harvey Milk Institute guide to lesbian, gay, bisexual, transgender, and queer internet research
Kaydedildi:
| Yazar: | |
|---|---|
| Diğer Yazarlar: | , , |
| Materyal Türü: | Kitap |
| Dil: | İngilizce |
| Baskı/Yayın Bilgisi: |
New York
Harrington Park Press
|
| Etiketler: |
Etiket eklenmemiş, İlk siz ekleyin!
|
MARC
| LEADER | 00000nam a2200000 4500 | ||
|---|---|---|---|
| 005 | 20241106194515.0 | ||
| 008 | 241106b |||||||| |||| 00| 0 eng d | ||
| 020 | |a 9781560233534 | ||
| 040 | |c GP | ||
| 100 | |a Ellis, Alan | ||
| 245 | |a The Harvey Milk Institute guide to lesbian, gay, bisexual, transgender, and queer internet research | ||
| 260 | |a New York |b Harrington Park Press | ||
| 700 | |a Highleyman, Liz | ||
| 700 | |a Schaub, Kevin | ||
| 700 | |a White, Melissa | ||
| 942 | |2 ddc |c BK |n 0 | ||
| 952 | |0 0 |1 0 |2 ddc |4 0 |6 306_766000000000000_ELL |7 1 |9 2178 |a RM |b RM |d 2024-11-06 |l 0 |o 306.766 ELL |p 547 |r 2024-11-06 19:45:33 |w 2024-11-06 |y BK | ||
| 999 | |c 1918 |d 1918 | ||